[Event "DEM U14w 2010"]
[Site "Oberhof GER"]
[Date "2010.05.28"]
[Round "8"]
[White "Kuckling, Hannah"]
[Black "Michels, Kim"]
[Result "1-0"]
[Termination "normal"]
[Board "6"]
[WhiteElo "1602"]
[BlackElo "1675"]
[PlyCount "109"]
[WhiteFideId "24603660"]
[BlackFideId "24690066"]
[EventCountry "GER"]
[EventRounds "9"]
[EventType "swiss"]
[EventDate "2010.05.22"]

1. e4 d6 2. d4 Nf6 3. Nc3 c6 4. Nf3 Qc7 5. Bg5 Nbd7 6. Be2 e5 7. O-O Be7 8. h3
O-O 9. Bh4 exd4 10. Nxd4 b5 11. a3 Ne5 12. Bg3 Nc4 13. b3 Nb6 14. Re1 a6 15.
Qd2 c5 16. Nf3 Bb7 17. Bf1 Rad8 18. Rad1 Qc6 19. Qe2 Rfe8 20. e5 Nfd5 21. Nxd5
Nxd5 22. Qd3 dxe5 23. Nxe5 Qb6 24. Qf5 Nf6 25. Rxd8 Bxd8 26. Nd7 Qc6 27. Nxf6+
Bxf6 28. Rxe8+ Qxe8 29. Qxc5 Qe4 30. Qc7 g6 31. c4 bxc4 32. bxc4 Kg7 33. c5 Bd5
34. Bd6 Qe1 35. Qc8 Be7 36. Qxa6 Bh4 37. Qe2 Qxe2 38. Bxe2 Kf6 39. g3 Bg5 40.
f4 Bh6 41. Kf2 Ke6 42. Ke3 Bg7 43. a4 Kd7 44. Bb5+ Bc6 45. Kd3 f5 46. Kc4 Bf6
47. a5 h6 48. a6 Bxb5+ 49. Kxb5 Kc8 50. a7 Kb7 51. Bb8 Bd8 52. c6+ Ka8 53. c7
Bxc7 54. Bxc7 Kxa7 55. Kc5 1-0

[Event "DEM U14w 2010"]
[Site "Oberhof GER"]
[Date "2010.05.28"]
[Round "8"]
[White "Winterholler, Christina"]
[Black "Lehmann, Patricia"]
[Result "1-0"]
[Termination "normal"]
[Board "7"]
[WhiteElo "1702"]
[BlackElo "1340"]
[PlyCount "69"]
[WhiteFideId "24652105"]
[BlackFideId "12900060"]
[EventCountry "GER"]
[EventRounds "9"]
[EventType "swiss"]
[EventDate "2010.05.22"]

1. e4 c5 2. Nf3 e6 3. d3 Nc6 4. g3 g6 5. Bg2 Bg7 6. Nbd2 Nge7 7. Nf1 d5 8. Qe2
Qb6 9. c3 Bd7 10. h4 O-O-O 11. N1h2 dxe4 12. dxe4 Ne5 13. Nxe5 Bxe5 14. O-O Bg7
15. Be3 Qa5 16. b4 cxb4 17. cxb4 Qxb4 18. Rab1 Qa4 19. Nf3 h6 20. Rfc1+ Bc6 21.
Bc5 Rd7 22. Rb4 Qa5 23. Qc2 Kd8 24. Nd2 Qc7 25. Bxa7 Nc8 26. Bc5 Bf8 27. Nb3
Bxc5 28. Nxc5 Re7 29. Qb2 Rhe8 30. Nxb7+ Kd7 31. Rd4+ Nd6 32. Rxd6+ Qxd6 33.
Nxd6 Kxd6 34. Qd4+ Kc7 35. e5 1-0

[Event "DEM U14w 2010"]
[Site "Oberhof GER"]
[Date "2010.05.28"]
[Round "8"]
[White "Puffay, Jana"]
[Black "Röhlich, Anna"]
[Result "0-1"]
[Termination "normal"]
[Board "8"]
[WhiteElo "1399"]
[BlackElo "1492"]
[PlyCount "62"]
[WhiteFideId "24692360"]
[EventCountry "GER"]
[EventRounds "9"]
[EventType "swiss"]
[EventDate "2010.05.22"]

1. e4 c5 2. Nc3 a6 3. Nf3 b5 4. a3 Bb7 5. d3 e6 6. Qe2 Be7 7. Be3 d6 8. g3 Nd7
9. d4 cxd4 10. Nxd4 Ngf6 11. Bg2 O-O 12. O-O Qc7 13. Rad1 Nb6 14. Rd3 Nc4 15.
Bc1 Rab8 16. b3 Ne5 17. Ncxb5 axb5 18. Rdd1 Ba6 19. Bb2 Qc8 20. Qd2 Rd8 21.
Rfe1 Qd7 22. Qa5 Ra8 23. Qd2 Bb7 24. Nf3 Nxf3+ 25. Bxf3 Qc6 26. Re3 Rac8 27. e5
Nd5 28. Bxd5 Qxd5 29. Qxd5 Bxd5 30. exd6 Bxd6 31. Red3 Rxc2 0-1

[Event "DEM U14w 2010"]
[Site "Oberhof GER"]
[Date "2010.05.28"]
[Round "8"]
[White "Hartewig, Anja"]
[Black "Schreiber, Justina"]
[Result "1/2-1/2"]
[Termination "normal"]
[Board "9"]
[WhiteElo "1471"]
[BlackElo "1443"]
[PlyCount "51"]
[WhiteFideId "12917966"]
[BlackFideId "24661570"]
[EventCountry "GER"]
[EventRounds "9"]
[EventType "swiss"]
[EventDate "2010.05.22"]

1. d4 d5 2. c4 dxc4 3. Nf3 c5 4. e3 cxd4 5. Qxd4 Qxd4 6. Nxd4 Bd7 7. Bxc4 Nc6
8. Nb5 Rc8 9. O-O Nf6 10. Nd2 e6 11. b3 a6 12. Nc3 Bb4 13. Nce4 Nxe4 14. Nxe4
O-O 15. Bb2 Na5 16. Bd3 Rfd8 17. Rac1 Rxc1 18. Rxc1 Bc6 19. Bb1 h6 20. h3 Rd5
21. Kh2 f5 22. Ng3 Rd2 23. Rc2 Rd1 24. Rc1 Rd2 25. Rc2 Rd1 26. Rc1 1/2-1/2

[Event "DEM U14w 2010"]
[Site "Oberhof GER"]
[Date "2010.05.28"]
[Round "8"]
[White "Fischer, Maxi"]
[Black "Lagunow, Elina"]
[Result "0-1"]
[Termination "normal"]
[Board "10"]
[WhiteElo "1194"]
[BlackElo "1720"]
[PlyCount "94"]
[WhiteFideId "24692395"]
[BlackFideId "4673387"]
[EventCountry "GER"]
[EventRounds "9"]
[EventType "swiss"]
[EventDate "2010.05.22"]

1. e4 c5 2. Nf3 Nc6 3. d4 cxd4 4. Nxd4 g6 5. Be3 Nf6 6. Nc3 Bg7 7. Bc4 Qa5 8.
f3 Qb4 9. Bb3 Nxe4 10. fxe4 Nxd4 11. Bxd4 Bxd4 12. Qf3 O-O 13. a3 Qc5 14. Rf1
Bf6 15. O-O-O Bg5+ 16. Kb1 e6 17. g3 d6 18. h4 Bh6 19. g4 Bg7 20. h5 Bd7 21.
hxg6 fxg6 22. Qd3 Be5 23. Rh1 Rac8 24. Qh3 Rf7 25. Ne2 a5 26. Rc1 Qb5 27. Nc3
Bxc3 28. bxc3 a4 29. Kb2 axb3 30. cxb3 Qe2+ 31. Rc2 Qxe4 32. g5 e5 33. Qh2 Be6
34. a4 Qd5 35. c4 Qd4+ 36. Kc1 Rc6 37. Rd1 Qe3+ 38. Qd2 Qxb3 39. Qe2 Qxa4 40.
Qe1 Bxc4 41. Kd2 Qa5+ 42. Ke3 Qc5+ 43. Kd2 Qd4+ 44. Kc1 Bd3 45. Rxc6 bxc6 46.
Qa5 Qc4+ 47. Kd2 Qc2+ 0-1

[Event "DEM U14w 2010"]
[Site "Oberhof GER"]
[Date "2010.05.28"]
[Round "8"]
[White "Triantafillidis, Katherina"]
[Black "Bürger, Jessica"]
[Result "1/2-1/2"]
[Termination "normal"]
[Board "11"]
[WhiteElo "1266"]
[BlackElo "1257"]
[PlyCount "57"]
[WhiteFideId "24692409"]
[BlackFideId "12917974"]
[EventCountry "GER"]
[EventRounds "9"]
[EventType "swiss"]
[EventDate "2010.05.22"]

1. e4 e5 2. Nf3 Nc6 3. Bb5 d6 4. O-O Bd7 5. Re1 Nf6 6. c3 a6 7. Ba4 b5 8. Bc2
Be7 9. d4 O-O 10. Bg5 Qc8 11. Qd3 Nh5 12. Bxe7 Nxe7 13. dxe5 dxe5 14. Nxe5 Be6
15. Qf3 Nf6 16. Nd2 Ng6 17. Nc6 Qd7 18. Nd4 Rfe8 19. N2b3 Qd6 20. Nxe6 Rxe6 21.
g3 Rae8 22. Rad1 Qb6 23. Nd4 Re5 24. Kh1 Qb7 25. Kg2 Nxe4 26. Bxe4 Rxe4 27.
Rxe4 Qxe4 28. Qxe4 Rxe4 29. Kf3 1/2-1/2

[Event "DEM U14w 2010"]
[Site "Oberhof GER"]
[Date "2010.05.28"]
[Round "8"]
[White "Hölzer, Jeanette"]
[Black "Ehrenberg, Natalie"]
[Result "1/2-1/2"]
[Termination "normal"]
[Board "12"]
[WhiteElo "1210"]
[BlackElo "1149"]
[PlyCount "34"]
[WhiteFideId "12917982"]
[EventCountry "GER"]
[EventRounds "9"]
[EventType "swiss"]
[EventDate "2010.05.22"]

1. e4 e6 2. d4 d5 3. Nc3 dxe4 4. Nxe4 Nd7 5. Nf3 Ngf6 6. Bg5 c5 7. Nxf6+ Nxf6
8. Bb5+ Bd7 9. Bxd7+ Qxd7 10. Qe2 cxd4 11. O-O-O Bc5 12. Qe5 Qe7 13. Nxd4 Rd8
14. f4 Rd5 15. Qb8+ Rd8 16. Qe5 h6 17. Bh4 Rd5 1/2-1/2

[Event "DEM U14w 2010"]
[Site "Oberhof GER"]
[Date "2010.05.28"]
[Round "8"]
[White "Wulf, Constanze"]
[Black "Genath, Maren"]
[Result "0-1"]
[Termination "normal"]
[Board "13"]
[WhiteElo "1282"]
[BlackElo "1041"]
[PlyCount "48"]
[WhiteFideId "24692379"]
[EventCountry "GER"]
[EventRounds "9"]
[EventType "swiss"]
[EventDate "2010.05.22"]

1. d4 d5 2. Bf4 Nf6 3. e3 e6 4. Nf3 b6 5. Bd3 Bb7 6. Nbd2 Be7 7. Ne5 O-O 8. O-O
Nbd7 9. Qf3 g6 10. h4 Nh5 11. Bh6 Nxe5 12. dxe5 Re8 13. g4 Ng7 14. h5 Bg5 15.
Bxg7 Kxg7 16. Qg3 c5 17. f4 Be7 18. f5 gxf5 19. gxf5+ Kh8 20. Kh2 Rg8 21. Qf4
d4 22. e4 Bg5 23. Qf2 Bxd2 24. Qxd2 Qh4# 0-1

[Event "DEM U14w 2010"]
[Site "Oberhof GER"]
[Date "2010.05.29"]
[Round "9"]
[White "Osmanodja, Filiz"]
[Black "Berger, Nadja"]
[Result "1/2-1/2"]
[Termination "normal"]
[Board "1"]
[WhiteTitle "FM"]
[WhiteElo "2018"]
[BlackElo "1706"]
[PlyCount "114"]
[WhiteFideId "24633569"]
[BlackFideId "24692212"]
[EventCountry "GER"]
[EventRounds "9"]
[EventType "swiss"]
[EventDate "2010.05.22"]

1. e4 e6 2. d4 d5 3. Nc3 Nf6 4. e5 Nfd7 5. f4 c5 6. Nf3 Nc6 7. Be3 Qb6 8. Na4
Qa5+ 9. c3 cxd4 10. b4 Nxb4 11. cxb4 Bxb4+ 12. Bd2 Bxd2+ 13. Nxd2 b6 14. Qb3
Ba6 15. Bxa6 Qxa6 16. Rb1 Rc8 17. Kf2 O-O 18. Rhc1 Nc5 19. Nxc5 bxc5 20. a4 c4
21. Qb5 Qxb5 22. axb5 f6 23. Nf3 fxe5 24. fxe5 Rf4 25. g3 Rf5 26. Ke2 d3+ 27.
Ke3 Rcf8 28. Rf1 g5 29. g4 Rf4 30. Ra1 d4+ 31. Nxd4 Rxf1 32. Rxa7 Re1+ 33. Kd2
Rxe5 34. b6 Rf2+ 35. Kc3 d2 36. b7 Re3+ 37. Kb4 d1=Q 38. b8=Q+ Rf8 39. Qd6 Qb1+
40. Kc5 Qe4 41. Qe7 Qg6 42. Nc6 e5 43. Qc7 Qf7 44. Ne7+ Kh8 45. Qd6 Qf6 46.
Qxf6+ Rxf6 47. Nd5 Ref3 48. Nxf6 Rxf6 49. Kxc4 Rf4+ 50. Kd5 Rxg4 51. Kxe5 Rc4
52. h4 h6 53. hxg5 hxg5 54. Rb7 Rc8 55. Ke4 g4 56. Rb2 Kh7 57. Rg2 Rg8 1/2-1/2

[Event "DEM U14w 2010"]
[Site "Oberhof GER"]
[Date "2010.05.29"]
[Round "9"]
[White "Schmalhorst, Sophia"]
[Black "Spiegelberg, Silvia"]
[Result "1/2-1/2"]
[Termination "normal"]
[Board "2"]
[WhiteElo "1834"]
[BlackElo "1609"]
[PlyCount "33"]
[WhiteFideId "24682497"]
[BlackFideId "24654450"]
[EventCountry "GER"]
[EventRounds "9"]
[EventType "swiss"]
[EventDate "2010.05.22"]

1. e4 d5 2. exd5 Qxd5 3. Nf3 Nf6 4. Be2 c6 5. d4 Bf5 6. Nbd2 e6 7. Nf1 Qd6 8.
Ng3 Bg6 9. O-O Nbd7 10. c3 Nb6 11. Ne5 Nbd5 12. Re1 Nd7 13. Bf3 Nxe5 14. Rxe5
Qd7 15. Re1 Bd6 16. Be4 Bxe4 17. Nxe4 1/2-1/2

[Event "DEM U14w 2010"]
[Site "Oberhof GER"]
[Date "2010.05.29"]
[Round "9"]
[White "Gamisch, Laura"]
[Black "Mehling, Katharina"]
[Result "1/2-1/2"]
[Termination "normal"]
[Board "3"]
[WhiteElo "1759"]
[BlackElo "1524"]
[PlyCount "43"]
[WhiteFideId "24615161"]
[BlackFideId "12900362"]
[EventCountry "GER"]
[EventRounds "9"]
[EventType "swiss"]
[EventDate "2010.05.22"]

1. d4 d5 2. c4 e6 3. Nc3 Nf6 4. Bg5 c6 5. e3 Qa5 6. Bxf6 gxf6 7. a3 Qd8 8. Nf3
Bg7 9. Qc2 O-O 10. cxd5 cxd5 11. Bd3 h6 12. O-O Nc6 13. Rac1 e5 14. dxe5 fxe5
15. Rfd1 Be6 16. Bc4 Ne7 17. Bxd5 Bxd5 18. Nxd5 Nxd5 19. Qb3 Qb6 20. Qxd5 Rfd8
21. Qa2 e4 22. Nd4 1/2-1/2

[Event "DEM U14w 2010"]
[Site "Oberhof GER"]
[Date "2010.05.29"]
[Round "9"]
[White "Polert, Annika"]
[Black "Kuckling, Hannah"]
[Result "0-1"]
[Termination "normal"]
[Board "4"]
[WhiteElo "1578"]
[BlackElo "1602"]
[PlyCount "118"]
[WhiteFideId "24692328"]
[BlackFideId "24603660"]
[EventCountry "GER"]
[EventRounds "9"]
[EventType "swiss"]
[EventDate "2010.05.22"]

1. c4 Nf6 2. g3 g6 3. Bg2 Bg7 4. Nc3 O-O 5. Nf3 d6 6. O-O c5 7. d4 Nc6 8. d5
Ne5 9. Nxe5 dxe5 10. e4 Ne8 11. Qe2 Nd6 12. Be3 b6 13. Rac1 Bd7 14. b3 Rc8 15.
f4 e6 16. fxe5 Bxe5 17. Bf4 Bxf4 18. Rxf4 e5 19. Rf2 Qg5 20. Qd2 Qxd2 21. Rxd2
a6 22. Na4 Bxa4 23. bxa4 Kg7 24. Rb2 Rb8 25. Kf2 h5 26. Ke3 Rh8 27. h3 Rhc8 28.
Bf1 Kf8 29. Rcb1 Rb7 30. a5 Rcb8 31. Rxb6 Ke7 32. Bd3 Kd7 33. Kf3 f6 34. g4 h4
35. g5 Rxb6 36. axb6 f5 37. exf5 gxf5 38. Be2 Ne4 39. Rg1 Rxb6 40. Ke3 Ng3 41.
Bd1 Ke7 42. Bb3 Kf7 43. Rd1 Ke7 44. Ba4 Kd6 45. Be8 Rb8 46. Bf7 Rb7 47. g6 Nh5
48. Rg1 Ng7 49. Rg5 Rb2 50. Be6 f4+ 51. Kf3 Rxa2 52. Rg4 Ra3+ 53. Kg2 Rg3+ 54.
Rxg3 fxg3 55. Bg4 a5 56. Bd1 Ke7 57. Kg1 Kf6 58. Bg4 Kxg6 59. Bd1 Ne8 0-1

[Event "DEM U14w 2010"]
[Site "Oberhof GER"]
[Date "2010.05.29"]
[Round "9"]
[White "Röhlich, Anna"]
[Black "Winterholler, Christina"]
[Result "0-1"]
[Termination "normal"]
[Board "5"]
[WhiteElo "1492"]
[BlackElo "1702"]
[PlyCount "76"]
[BlackFideId "24652105"]
[EventCountry "GER"]
[EventRounds "9"]
[EventType "swiss"]
[EventDate "2010.05.22"]

1. e4 e5 2. Nf3 Nc6 3. Bc4 Bc5 4. c3 Nf6 5. d3 a6 6. b4 Ba7 7. O-O d6 8. h3 h6
9. Nbd2 Nh7 10. Re1 Qf6 11. Nf1 Ng5 12. Be3 Nxf3+ 13. Qxf3 Qxf3 14. gxf3 Bxh3
15. Ng3 g6 16. Kh2 Bd7 17. Rg1 Ne7 18. Ne2 Bc6 19. a4 Bxe3 20. fxe3 a5 21. b5
Bd7 22. f4 f6 23. Raf1 O-O-O 24. Bb3 Rhf8 25. Rg2 h5 26. Rgf2 f5 27. fxe5 dxe5
28. d4 Rh8 29. exf5 Nxf5 30. Rf3 e4 31. Rh3 g5 32. Rg3 Nxg3 33. Nxg3 Rdf8 34.
Re1 g4 35. Nxe4 h4 36. Re2 g3+ 37. Kg1 Bh3 38. Ng5 Rf1# 0-1

[Event "DEM U14w 2010"]
[Site "Oberhof GER"]
[Date "2010.05.29"]
[Round "9"]
[White "Michels, Kim"]
[Black "Nitzsche, Pia"]
[Result "0-1"]
[Termination "normal"]
[Board "6"]
[WhiteElo "1675"]
[BlackElo "1446"]
[PlyCount "82"]
[WhiteFideId "24690066"]
[BlackFideId "12900370"]
[EventCountry "GER"]
[EventRounds "9"]
[EventType "swiss"]
[EventDate "2010.05.22"]

1. e4 c5 2. d4 cxd4 3. c3 d5 4. exd5 Nf6 5. Nf3 Nxd5 6. Nxd4 e5 7. Nf3 Nc6 8.
Bb5 Qd6 9. Nbd2 f6 10. Ne4 Qd8 11. c4 Ndb4 12. Qxd8+ Kxd8 13. O-O Bd7 14. Rd1
Kc7 15. Bd2 Rc8 16. Bxb4 Bxb4 17. c5 b6 18. Rac1 Rhd8 19. cxb6+ axb6 20. Rc4
Be7 21. Rdc1 Kb7 22. Ra4 Ra8 23. Rac4 Rdc8 24. a3 Ra5 25. Bxc6+ Rxc6 26. Nfd2
Rb5 27. b4 Rd5 28. h3 f5 29. Rxc6 Bxc6 30. b5 Bd7 31. a4 fxe4 32. Nxe4 Rd4 33.
a5 bxa5 34. Nc5+ Bxc5 35. Rxc5 e4 36. Rg5 g6 37. Re5 Kb6 38. Kf1 Bxb5+ 39. Ke1
a4 40. Rg5 a3 41. Rg4 a2 0-1

[Event "DEM U14w 2010"]
[Site "Oberhof GER"]
[Date "2010.05.29"]
[Round "9"]
[White "Diederichs, Luise"]
[Black "Steimbach, Isabel"]
[Result "1/2-1/2"]
[Termination "normal"]
[Board "7"]
[WhiteElo "1542"]
[BlackElo "1543"]
[PlyCount "39"]
[WhiteFideId "24661597"]
[BlackFideId "24692174"]
[EventCountry "GER"]
[EventRounds "9"]
[EventType "swiss"]
[EventDate "2010.05.22"]

1. e4 e5 2. Nf3 d6 3. d4 exd4 4. Nxd4 Nf6 5. Nc3 Be7 6. g3 O-O 7. Bg2 Re8 8.
O-O c6 9. h3 Bf8 10. Nde2 Nbd7 11. g4 Nc5 12. Ng3 Be6 13. b3 Qc7 14. a4 Rad8
15. Re1 d5 16. exd5 Nxd5 17. Nxd5 cxd5 18. Bb2 Bd6 19. Qd4 f6 20. Ba3 1/2-1/2

[Event "DEM U14w 2010"]
[Site "Oberhof GER"]
[Date "2010.05.29"]
[Round "9"]
[White "Hartewig, Anja"]
[Black "Puffay, Jana"]
[Result "1/2-1/2"]
[Termination "normal"]
[Board "9"]
[WhiteElo "1471"]
[BlackElo "1399"]
[PlyCount "44"]
[WhiteFideId "12917966"]
[BlackFideId "24692360"]
[EventCountry "GER"]
[EventRounds "9"]
[EventType "swiss"]
[EventDate "2010.05.22"]

1. d4 d5 2. c4 dxc4 3. Nf3 Nd7 4. e3 Nb6 5. Ne5 Nf6 6. Nxc4 Bf5 7. Nxb6 axb6 8.
Bc4 e6 9. O-O Bd6 10. Nc3 O-O 11. Re1 Bg6 12. e4 e5 13. Bg5 c6 14. d5 Be7 15.
Qf3 Qc7 16. Rad1 Bh5 17. Qg3 Bxd1 18. Rxd1 Nh5 19. d6 Bxd6 20. Qh4 Nf4 21. g3
Ng6 22. Qg4 b5 0-1

[Event "DEM U14w 2010"]
[Site "Oberhof GER"]
[Date "2010.05.29"]
[Round "9"]
[White "Schreiber, Justina"]
[Black "Wulf, Constanze"]
[Result "1/2-1/2"]
[Termination "normal"]
[Board "10"]
[WhiteElo "1443"]
[BlackElo "1282"]
[PlyCount "47"]
[WhiteFideId "24661570"]
[BlackFideId "24692379"]
[EventCountry "GER"]
[EventRounds "9"]
[EventType "swiss"]
[EventDate "2010.05.22"]

1. e4 c5 2. Bc4 e6 3. Nc3 Nc6 4. f4 d6 5. Nf3 Qc7 6. d3 Nf6 7. O-O Be7 8. Qe1
Nd7 9. Ne2 a6 10. a4 Rb8 11. Ng3 b5 12. axb5 axb5 13. Bb3 O-O 14. f5 Nde5 15.
Nxe5 Nxe5 16. Qc3 Bf6 17. Qe1 Bd7 18. Nh5 Qd8 19. fxe6 fxe6 20. Qg3 Qe7 21. Bh6
Rf7 22. Ra7 Kh8 23. Nxf6 Rxf6 24. Rxf6 1/2-1/2

[Event "DEM U14w 2010"]
[Site "Oberhof GER"]
[Date "2010.05.29"]
[Round "9"]
[White "Ehrenberg, Natalie"]
[Black "Triantafillidis, Katherina"]
[Result "0-1"]
[Termination "normal"]
[Board "11"]
[WhiteElo "1149"]
[BlackElo "1266"]
[PlyCount "68"]
[BlackFideId "24692409"]
[EventCountry "GER"]
[EventRounds "9"]
[EventType "swiss"]
[EventDate "2010.05.22"]

1. e4 e5 2. Nf3 Nc6 3. Bc4 Bc5 4. O-O Nf6 5. c3 d6 6. h3 O-O 7. d4 Bb6 8. Re1
h6 9. d5 Ne7 10. Nbd2 c6 11. Qb3 cxd5 12. exd5 Ng6 13. Ne4 Nxe4 14. Rxe4 Qf6
15. Bd2 Bxh3 16. Be2 Bf5 17. Rb4 e4 18. Nd4 Ne5 19. Be3 Bc8 20. Rd1 Ng4 21.
Bxg4 Bxg4 22. Rd2 Qg6 23. g3 Bxd4 24. Bxd4 Bf3 25. Qd1 Bxd1 26. Rxd1 b6 27. Re1
Rfe8 28. Be3 Re5 29. Bf4 Rxd5 30. Rbxe4 Rd1 31. Rxd1 Qxe4 32. Rxd6 Qb1+ 33. Kg2
Qxb2 34. Rd2 Qxc3 0-1

[Event "DEM U14w 2010"]
[Site "Oberhof GER"]
[Date "2010.05.29"]
[Round "9"]
[White "Bürger, Jessica"]
[Black "Hölzer, Jeanette"]
[Result "1/2-1/2"]
[Termination "normal"]
[Board "12"]
[WhiteElo "1257"]
[BlackElo "1210"]
[PlyCount "38"]
[WhiteFideId "12917974"]
[BlackFideId "12917982"]
[EventCountry "GER"]
[EventRounds "9"]
[EventType "swiss"]
[EventDate "2010.05.22"]

1. e4 e5 2. Nf3 Nc6 3. Bc4 Bc5 4. c3 Nf6 5. d4 exd4 6. cxd4 Bb4+ 7. Bd2 Bxd2+
8. Nbxd2 d5 9. exd5 Nxd5 10. O-O O-O 11. Qb3 Na5 12. Qc2 Nxc4 13. Qxc4 c6 14.
Rfe1 Qf6 15. Ne4 Qf4 16. Qd3 Bf5 17. Qd2 Qxd2 18. Nexd2 Nb4 19. Re5 Bg6 1/2-1/2

[Event "DEM U14w 2010"]
[Site "Oberhof GER"]
[Date "2010.05.29"]
[Round "9"]
[White "Genath, Maren"]
[Black "Fischer, Maxi"]
[Result "0-1"]
[Termination "normal"]
[Board "13"]
[WhiteElo "1041"]
[BlackElo "1194"]
[PlyCount "66"]
[BlackFideId "24692395"]
[EventCountry "GER"]
[EventRounds "9"]
[EventType "swiss"]
[EventDate "2010.05.22"]

1. e4 e5 2. Nc3 Nf6 3. Bc4 Bc5 4. d3 Nc6 5. Bg5 h6 6. Bh4 d6 7. Nd5 g5 8. Bg3
Nxd5 9. Bxd5 Bd7 10. Qh5 Qe7 11. O-O-O O-O-O 12. Ne2 Rdf8 13. Rhf1 Nb4 14. a3
Nxd5 15. exd5 f5 16. h3 f4 17. Bh2 e4 18. d4 Bb6 19. Nc3 e3 20. Rfe1 Qf6 21.
fxe3 fxe3 22. Rxe3 Bxd4 23. Rf3 Qg7 24. Rdf1 g4 25. Rf7 Be3+ 26. Kb1 Rxf7 27.
Rxf7 Qg8 28. Re7 g3 29. Rxe3 gxh2 30. Re1 Qxg2 31. Qd1 Bf5 32. Ka2 Bxh3 33. Rf1
Qxf1 0-1